| 000 | 00577ntaaa2200217 4500 | ||
|---|---|---|---|
| 003 | 01 | ||
| 005 | 20251027202713.0 | ||
| 008 | 0714s1973 ag 01 | ||
| 040 |
_aAR-BaBN _bspa _cAR-BaBN _eaacr _dRIC |
||
| 082 | _a530.0000 R35c3 | ||
| 100 |
_aRiaza Morales, Jopsé María _926768 |
||
| 245 | _aCiencia moderna y filosofía | ||
| 250 | _a3 ed | ||
| 260 |
_aMadrid : _bBiblioteca de Autores Cristianas, _c1969 |
||
| 300 | _a696 p xvi | ||
| 500 | _aMatemática, física y química | ||
| 650 | _amatemática | ||
| 650 |
_afísica _912939 |
||
| 650 | _aquímica | ||
| 942 | _cBK | ||
| 999 |
_c22230 _d22230 |
||